[Event "4NCL Division 2a"]
[Site "Northampton, ENG"]
[Date "2018.02.10"]
[Round "5.44"]
[White "Graham, David B"]
[Black "Pein, Jonathan"]
[Result "0-1"]
[WhiteElo "2165"]
[BlackElo "2177"]
[PlyCount "78"]
[EventDate "2018.02.10"]
[WhiteTeam "Sussex Martlets 1"]
[BlackTeam "Wood Green Monarchs"]

1. e4 d6 2. d4 Nf6 3. Nc3 Nc6 4. Nf3 Bg4 5. Be2 e5 6. d5 Ne7 7. Be3 Ng6 8. Nd2
Bd7 9. Nc4 Be7 10. f3 O-O 11. a4 c6 12. Qd2 cxd5 13. exd5 Nh5 14. Nb5 Nhf4 15.
Rg1 Bxb5 16. axb5 Bg5 17. g3 Nxe2 18. Kxe2 Bxe3 19. Nxe3 Qb6 20. Qa5 Qc5 21.
Ra3 Qc8 22. Qb4 Qd7 23. Kf2 f5 24. Nc4 Rac8 25. Rc3 Rc5 26. b6 a6 27. Rd1 f4
28. Nxd6 Rxc3 29. bxc3 Qh3 30. g4 Qxh2+ 31. Kf1 Qh1+ 32. Ke2 Qg2+ 33. Ke1 Qg1+
34. Ke2 Qe3+ 35. Kf1 Qxf3+ 36. Ke1 Qe3+ 37. Kf1 Qh3+ 38. Ke1 Qg3+ 39. Kf1 f3
0-1

[Event "4NCL Division 2a"]
[Site "Northampton, ENG"]
[Date "2018.02.10"]
[Round "5.45"]
[White "Longson, Sarah N"]
[Black "Payne, Matthew J"]
[Result "1-0"]
[WhiteElo "2192"]
[BlackElo "2108"]
[PlyCount "37"]
[EventDate "2018.02.10"]
[WhiteTeam "Wood Green Monarchs"]
[BlackTeam "Sussex Martlets 1"]

1. e4 e6 2. d4 d5 3. Nc3 Nc6 4. Nf3 Nf6 5. Bd3 Nb4 6. Bg5 Nxd3+ 7. Qxd3 Be7 8.
e5 Ng8 9. Bd2 g5 10. O-O Bd7 11. Rac1 Nh6 12. h4 g4 13. Bxh6 gxf3 14. Qxf3 Bxh4
15. Qg4 Be7 16. Qg7 Rf8 17. Qxh7 Bg5 18. Bxf8 Bxc1 19. Bc5 1-0

[Event "4NCL Division 2a"]
[Site "Northampton, ENG"]
[Date "2018.02.10"]
[Round "5.46"]
[White "Miller, Dominic"]
[Black "Willow, Jonah B"]
[Result "1/2-1/2"]
[WhiteElo "2132"]
[BlackElo "2150"]
[PlyCount "65"]
[EventDate "2018.02.10"]
[WhiteTeam "Sussex Martlets 1"]
[BlackTeam "Wood Green Monarchs"]

1. e4 c5 2. Nf3 e6 3. d4 cxd4 4. Nxd4 Nc6 5. Nc3 Qc7 6. Be3 Nf6 7. Qd2 Nxd4 8.
Bxd4 Bb4 9. f3 e5 10. Bf2 O-O 11. a3 Bxc3 12. Qxc3 Qxc3+ 13. bxc3 d5 14. exd5
Nxd5 15. c4 Nf4 16. g3 Ne6 17. Bd3 b6 18. Be4 Rb8 19. O-O Bb7 20. Bd5 Nc7 21.
Bxb7 Rxb7 22. c5 bxc5 23. Bxc5 Rfb8 24. Bd6 f6 25. c4 Rd8 26. Rfd1 Ne6 27. Bb4
Rc8 28. Rac1 Rcc7 29. c5 h5 30. Rd5 Rc6 31. Kf2 Nd4 32. Rc3 Ne6 33. Ke3 1/2-1/2

[Event "4NCL Division 2a"]
[Site "Northampton, ENG"]
[Date "2018.02.10"]
[Round "5.47"]
[White "Manelidou, Maria"]
[Black "Blake, J Morgan"]
[Result "1-0"]
[WhiteElo "2100"]
[BlackElo "2102"]
[PlyCount "71"]
[EventDate "2018.02.10"]
[WhiteTeam "Wood Green Monarchs"]
[BlackTeam "Sussex Martlets 1"]

1. e4 c5 2. Nf3 d6 3. d4 cxd4 4. Nxd4 Nf6 5. f3 e5 6. Nb3 Be6 7. c4 Nbd7 8. Be3
Rc8 9. Na3 a6 10. Be2 Be7 11. O-O O-O 12. Qd2 Nh5 13. Rfd1 g6 14. Rac1 Qe8 15.
Nb1 f5 16. Nc3 Nhf6 17. Na5 b6 18. Nb3 fxe4 19. Nxe4 Nxe4 20. fxe4 Nf6 21. Qd3
Qc6 22. Nd2 Ng4 23. Bxg4 Bxg4 24. Rf1 Rxf1+ 25. Rxf1 b5 26. b3 Be6 27. Rc1 Bd8
28. Rd1 Bg4 29. Rf1 Bb6 30. Kh1 Bxe3 31. Qxe3 Be6 32. cxb5 axb5 33. Nf3 Qc3 34.
Qh6 Rf8 35. Rc1 Qa5 36. Ng5 1-0

[Event "4NCL Division 2a"]
[Site "Northampton, ENG"]
[Date "2018.02.10"]
[Round "5.48"]
[White "Graham, Cassie M"]
[Black "Green, Michael"]
[Result "1-0"]
[WhiteElo "1997"]
[BlackElo "1997"]
[PlyCount "61"]
[EventDate "2018.02.10"]
[WhiteTeam "Sussex Martlets 1"]
[BlackTeam "Wood Green Monarchs"]

1. e4 e6 2. Nf3 d5 3. e5 c5 4. b4 cxb4 5. a3 Nc6 6. axb4 Bxb4 7. c3 Ba5 8. d4
Nge7 9. Bd3 a6 10. O-O h6 11. Re1 Bd7 12. Bd2 b5 13. h3 Qb6 14. Na3 Rc8 15. Nc2
Nb8 16. Ra3 Rc7 17. Nh2 Nec6 18. Qg4 g5 19. h4 Kd8 20. hxg5 hxg5 21. Qxg5+ Ne7
22. Qf6 Rf8 23. Rea1 Nbc6 24. Bg5 Bc8 25. Qg7 Rg8 26. Qxg8+ Kd7 27. Qxf7 b4 28.
cxb4 Bxb4 29. Nxb4 Qxb4 30. Ra4 Qc3 31. Bg6 1-0